Ensayo imparcial sobre el gobierno del rey D. Fernando VII : escrito en Madrid por un español en mayo del presente año, y dado a luz en Versalles por un amigo del autor /
Ensayo escrito de forma anónima que busca resaltar la capacidad del gobierno del rey de España Fernando VII (1784-1883) frente a las crisis políticas provocadas por las revoluciones europeas, así como por la implementación de la Constitución de Cádiz en 1812.
Gespeichert in:
| Format: | Buch |
|---|---|
| Sprache: | Spanisch |
| Schlagworte: | |
| Tags: |
Keine Tags, Fügen Sie das erste Tag hinzu!
|
MARC
| LEADER | 00000nam^a2200000^a^4500 | ||
|---|---|---|---|
| 001 | 000379001 | ||
| 005 | 20250526000000.0 | ||
| 009 | 20260310120513.656 | ||
| 037 | |a Acervo Xavier Clavigero | ||
| 041 | |a ESP | ||
| 082 | |a 320. 946072 |b ENS | ||
| 240 | 1 | 1 | |a [Ensayo imparcial sobre el gobierno del rey D. Fernando VII] |
| 245 | 0 | 0 | |a Ensayo imparcial sobre el gobierno del rey D. Fernando VII : |b escrito en Madrid por un español en mayo del presente año, y dado a luz en Versalles por un amigo del autor / |
| 264 | |a París, Francia : |b Librería de Rosa y Bouret, |c 1824 | ||
| 300 | |a 241 p. ; |c 20.5 cm. | ||
| 336 | |a texto |b txt |2 rdacontenido | ||
| 337 | |a sin mediación |b n |2 rdamedio | ||
| 338 | |a volumen |b nc |2 rdasoporte | ||
| 501 | |a Encuadernación particular | ||
| 520 | |a Ensayo escrito de forma anónima que busca resaltar la capacidad del gobierno del rey de España Fernando VII (1784-1883) frente a las crisis políticas provocadas por las revoluciones europeas, así como por la implementación de la Constitución de Cádiz en 1812. | ||
| 561 | |a Ex libris de Víctor Reynoso Pedroza | ||
| 561 | |a Ex libris de Lic. Trinidad Anaya | ||
| 562 | |a Falta cubierta | ||
| 649 | |a XX | ||
| 650 | |a Políticos Españoles | ||
| 650 | |a Reyes Españoles | ||
| 650 | |a Poder Legislativo - |z España - |x Historia - |y Fernando VII, 1814-1833 | ||
| 650 | |a Constitución, 1812 - |z España - |x Historia | ||
| 650 | |a Monarquía - |z España - |x Historia | ||
| 650 | |a Derecho Constitucional - |z España - |x Historia - |y Fernando VII, 1814-1833 | ||
| 650 | |a Política Exterior - |z España - |x Historia - |y Fernando VII, 1814-1833 | ||
| 650 | |a Política - |z España - |x Historia - |y Fernando VII, 1814-1833 | ||
| 650 | |a Política - |z España - |x Historia - |y Siglo XIX | ||
| 650 | |a España - |x Historia - |y Fernando VII, 1814-1833 - |x Tema Principal | ||
| 650 | |a España - |x Historia - |y Siglo XIX | ||
| 650 | |a España - |x Historia - |y Borbones, 1700-1931 | ||
| 650 | |a Europa - |x Historia - |y 1789-1900 | ||
| 650 | |a Fernando VII, |c Rey de España - |x Tema Principal | ||
| 910 | |a Fondo General | ||
| 920 | |a Impresos - Libros | ||
| 930 | |a Libros Antiguos y Raros | ||
| 905 | |a 108 | ||
| 901 | |a 0500273921 |b IT2 |c LRA |u 20250526 | ||
| 902 | |a https://opac.biblio.iteso.mx/vufind/Record/000379001 | ||